000 00632nam a22002057a 4500
003 OSt
005 20140310182921.0
008 130129t xxu||||| |||| 00| 0 eng d
020 _a9789715425698
050 _aLG 215
_b.Ev92 2008
082 _aFIL 378.053
_bE92 2008
245 _aIcons and institutions
_bessays on the history of the University of the Philippines, 1952-2000
_cEvangelista, Oscar L.
260 _aQuezon City
_bUniversity of the Philippines Press
_cc2008
300 _axi, 185 p.
_c23 cm.
521 _acollege students
526 _c1210L-1700L
541 _j1
562 _e1
942 _2lcc
_cBK
_kFIL
999 _c17353
_d17353